书目信息 |
| 题名: |
中国社会主义市场经济概论
|
|
| 作者: | 姜国祥 主编 | |
| 分册: | ||
| 出版信息: | 上海 华东师范大学出版社 1995 |
|
| 页数: | 307页 | |
| 开本: | 20cm | |
| 丛书名: | ||
| 单 册: | ||
| 中图分类: | F123.13 | |
| 科图分类: | 28.23 | |
| 主题词: | 社会主义经济∶市场经济--概论--中国 , 市场经济∶社会主义经济--概论--中国 | |
| 电子资源: | ||
| ISBN: | 7-5617-1302-9 | |
| 000 | 00755nam0 2200241 45 | |
| 001 | 0195026880 | |
| 005 | 20070614144025.28 | |
| 010 | @a7-5617-1302-9@dCNY9.30 | |
| 100 | @a19950523d1995 em y0chiy0121 ea | |
| 101 | 0 | @achi |
| 102 | @aCN@b310000 | |
| 105 | @ay z 000yy | |
| 200 | 10 | @a中国社会主义市场经济概论@AZHONG GUO SHE HUI ZHU YI SHI CHANG JING JI GAI LUN@f姜国祥主编@FJIANG GUO XIANG ZHU BIAN |
| 210 | @a上海@c华东师范大学出版社@d1995@h1998 | |
| 215 | @a307页@d20cm | |
| 300 | @a公共政治课系列教材 | |
| 606 | @a社会主义经济∶市场经济@x概论@y中国 | |
| 606 | @a市场经济∶社会主义经济@x概论@y中国 | |
| 690 | @aF123.13 | |
| 692 | @a28.23 | |
| 701 | 0 | @a姜国祥@AJIANG GUO XIANG@4主编 |
| 801 | 0 | @aCN@bTSSF@c20070614 |
| 905 | @a10447@dF123.13@e178 | |
| 中国社会主义市场经济概论/姜国祥主编.-上海:华东师范大学出版社,1995(1998) |
| 307页;20cm |
| 公共政治课系列教材 |
| ISBN 7-5617-1302-9:CNY9.30 |
| ● |
| 相关链接 |
|
|
|
|
正题名:中国社会主义市场经济概论
索取号:F123.13/178
 
预约/预借
| 序号 | 登录号 | 条形码 | 馆藏地/架位号 | 状态 | 备注 |
| 1 | 0645188 | 206451882 | 第一样本阅览室/ [索取号:F123.13/178] | 在馆 |